Loading...
| Other - Geo/CE | 4 | 2 | 1 | 1 | 75 | 30 | 69.00 | 4 | 6 |
| Beliefs - Religion | 2 | 4 | 0 | 1 | 70 | 54 | 94.50 | 0 | 6 |
| Thought - Social Science | 2 | 3 | 1 | 0 | 55 | 58 | 81.80 | 3 | 5 |
| Science - Other Science | 2 | 2 | 1 | 0 | 45 | 53 | 74.50 | 4 | 4 |
| Science - Chemistry | 1 | 3 | 0 | 1 | 45 | 65 | 98.25 | 2 | 4 |
| Arts - Music | 1 | 3 | 1 | 0 | 40 | 17 | 81.50 | 1 | 4 |
| History - Other History | 2 | 1 | 0 | 2 | 40 | 52 | 86.33 | 2 | 3 |
| Science - Physics | 0 | 4 | 0 | 1 | 40 | 80 | 92.25 | 1 | 4 |
| Science - Biology | 0 | 4 | 1 | 1 | 35 | 73 | 100.75 | 1 | 4 |
| History - Euro History | 2 | 1 | 1 | 0 | 35 | 51 | 69.00 | 3 | 3 |
| Arts - Other Arts | 1 | 1 | 0 | 1 | 25 | 29 | 84.00 | 0 | 2 |
| Other - Other Academic | 1 | 1 | 1 | 1 | 20 | 59 | 91.00 | 1 | 2 |
| Other - Pop Culture | 0 | 2 | 0 | 0 | 20 | 83 | 96.00 | 2 | 2 |
| History - World History | 0 | 2 | 0 | 2 | 20 | 121 | 125.50 | 0 | 2 |
| Science - Engineering | 0 | 2 | 1 | 0 | 15 | 102 | 117.00 | 1 | 2 |
| Literature - Euro Lit | 0 | 1 | 0 | 1 | 10 | 129 | 129.00 | 0 | 1 |
| Beliefs - Mythology | 0 | 1 | 0 | 1 | 10 | 137 | 137.00 | 0 | 1 |
| Literature - World Lit | 0 | 1 | 0 | 0 | 10 | 84 | 84.00 | 1 | 1 |
| History - American History | 0 | 1 | 0 | 0 | 10 | 76 | 76.00 | 1 | 1 |
| Arts - Painting | 0 | 1 | 0 | 1 | 10 | 132 | 132.00 | 0 | 1 |